| 000 | 00636nam a2200241Ia 4500 | ||
|---|---|---|---|
| 003 | OSt | ||
| 005 | 20220918190542.0 | ||
| 006 | a|||||r|||| 00| 0 | ||
| 007 | ta | ||
| 008 | 220917b |||||||| |||| 00| 0 eng d | ||
| 024 | _a57,610 | ||
| 037 | _cTextual | ||
| 040 |
_aARTS _cARTS _beng |
||
| 041 |
_2eng _aeng |
||
| 082 | _aQ1:21x, E3 | ||
| 100 |
_aClayton A C _973064 |
||
| 245 | 0 | _aRigveda and vedic religion with readings froim the vedas | |
| 260 |
_aN.Delhi _bBanarsidass _c1913 |
||
| 300 |
_a292p. _ccm. |
||
| 650 | _aRELIGION | ||
| 942 |
_hQ1:21x, E3 _cTEXL _2CC |
||
| 999 |
_c185758 _d185758 |
||